Keizai seicho to zaisei kinyu (Record no. 1088835)

MARC details
000 -LEADER
fixed length control field 00856nam a2200277Ia 4500
003 - CONTROL NUMBER IDENTIFIER
control field OSt
005 - DATE AND TIME OF LATEST TRANSACTION
control field 20221006151036.0
008 - FIXED-LENGTH DATA ELEMENTS--GENERAL INFORMATION
fixed length control field 221006b |||||||| |||| 00| 0 jpn d
037 ## - SOURCE OF ACQUISITION
Terms of availability Textual
040 ## - CATALOGING SOURCE
Original cataloging agency EASL
Transcribing agency EASL
Language of cataloging jpn
041 ## - LANGUAGE CODE
Source of code jpn
Language code of text/sound track or separate title jpn
100 ## - MAIN ENTRY--PERSONAL NAME
Personal name TATE Ryuichiro Ed.
9 (RLIN) 658164
245 #0 - TITLE STATEMENT
Title Keizai seicho to zaisei kinyu
Remainder of title Tokyo keizai kenkyu senta shusai dai ni kai konfurensu gijiroku
260 ## - PUBLICATION, DISTRIBUTION, ETC.
Place of publication, distribution, etc. Tokyo
Name of publisher, distributor, etc. Iwanami Shoten Japan
Date of publication, distribution, etc. 1965
300 ## - PHYSICAL DESCRIPTION
Extent 305p.
Dimensions cm.
490 ## - SERIES STATEMENT
Volume/sequential designation JL
650 ## - SUBJECT ADDED ENTRY--TOPICAL TERM
Topical term or geographic name entry element JL
700 ## - ADDED ENTRY--PERSONAL NAME
Personal name WATANABE Norihiko Ed.
9 (RLIN) 658165
942 ## - ADDED ENTRY ELEMENTS (KOHA)
Classification part X6.42.N5, K5
Koha item type Textual
Source of classification or shelving scheme Colon Classification (CC)
Holdings
Withdrawn status Lost status Source of classification or shelving scheme Damaged status Not for loan Home library Current library Date acquired Source of acquisition Serial Enumeration / chronology Total Checkouts Full call number Barcode Date last seen Price effective from Koha item type
    Colon Classification (CC)     Department of East Asian Studies Library Department of East Asian Studies Library 2022-10-06 Gift, Japan Foundation JL   X6.42.N5 K5 EAS011548 2022-10-06 2022-10-06 Textual
Copyright @ Delhi University Library System